000 00925cam a2200205 4500
001 WB3736-08
008 010927n2001 000 0 eng u
035 _a(Sirsi) u114879
245 _aManagement consultancies feel e-benefits
260 _c2001
490 _aDTI Press Release
_v(P/2001/497) 25 September 2001, (2)
520 _aA new survey reveals that management consultancy is one sector in the UK feeling the benefits of e-commerce in major aspects of their business. The survey assessing the impact of e-commerce in the management consultancy sector is available from http://www.ukonlineforbusiness.gov.uk/Government/impactstudies.htm or http://www.ukonlineforbusiness.gov.uk/ColdFusion/publications/
590 _aWB
650 _aELECTRONIC COMMERCE
650 _aManagement consultancy
_96255
650 _aSURVEYS
650 _aIMPACT STUDIES
690 _aMANAGEMENT-BUSINESS MANAGEMENT
942 _n0
999 _c68408
_d68408